Účtovné zobrazenie dlhodobého hmotného majetku v účtovníctve konkrétnej podnikateľskej účtovnej jednotky bakalárska práca

Guardado en:
Detalles Bibliográficos
Autor principal: Chnápková, Henrieta
Autor Corporativo: Fakulta hospodárskej informatiky EU. Katedra účtovníctva a audítorstva
Otros Autores: Blahušiaková, Miriama, 1980-
Formato: Libro
Lenguaje:eslovaco
Publicado: Bratislava 2020
Etiquetas: Agregar Etiqueta
Sin Etiquetas, Sea el primero en etiquetar este registro!

MARC

LEADER 00000nbm a2200000 4500
001 0264717
005 20210427213053.2
041 0 |a slo 
044 |a SK 
245 1 0 |a Účtovné zobrazenie dlhodobého hmotného majetku v účtovníctve konkrétnej podnikateľskej účtovnej jednotky  |b bakalárska práca  |c Henrieta Chnápková ; školiteľ: Miriama Blahušiaková 
264 1 |a Bratislava  |c 2020 
300 |a 55 s. 
100 1 |a Chnápková, Henrieta 
700 1 |a Blahušiaková, Miriama, 1980- 
710 2 |a Fakulta hospodárskej informatiky EU. Katedra účtovníctva a audítorstva